[Event "Skovbo GM 2012"]
[Site "Borup Kulturhus"]
[Date "2012.09.20"]
[Round "5.24"]
[White "Jensen, Henrik"]
[Black "Hubka, Roland"]
[Result "0-1"]
[WhiteElo "1612"]
[BlackElo "2000"]
[PlyCount "126"]
[EventDate "2012.??.??"]
[WhiteTeam "Skovbo Skakklub"]

1. e4 e6 2. d4 d5 3. Bd3 dxe4 4. Bxe4 Nf6 5. Bf3 c6 6. Bf4 Bd6 7. Ne2 O-O 8. c3
b6 9. Nd2 Bxf4 10. Nxf4 Ba6 11. Qc2 Qc7 12. g3 Re8 13. O-O-O Nbd7 14. h4 e5 15.
dxe5 Nxe5 16. Bg2 Rad8 17. Nf3 Bc8 18. Nxe5 Rxd1+ 19. Rxd1 Rxe5 20. Qd3 Bd7 21.
Qd6 Qxd6 22. Rxd6 Kf8 23. Nd3 Ra5 24. a3 Ke7 25. Rd4 c5 26. Rf4 Ra4 27. Kd2
Rxf4 28. Nxf4 Ng4 29. f3 Ne5 30. Nd5+ Kd6 31. Ne3 b5 32. f4 Nc6 33. Be4 g6 34.
Bf3 Ne7 35. Ke2 {(=)} c4 36. Ng4 h5 37. Nf6 Be6 38. Ne4+ Kc7 39. Ng5 Kd7 40.
Nxe6 Kxe6 41. Be4 Kd6 42. Ke3 a5 43. Kd4 f6 44. Bc2 Nc6+ 45. Ke3 f5 46. Bd1 Kc5
47. Bf3 Ne7 48. Kd2 b4 49. Bd1 Ng8 50. Ba4 Nf6 51. Ke3 b3 52. Kf3 Ne4 53. Be8
Nxc3 54. Bxg6 Nd1 55. Bxf5 Nxb2 56. Ke3 c3 57. Be6 c2 58. Kd2 Nd3 59. Kxd3 c1=Q
60. Bxb3 Qf1+ 61. Ke4 Qb1+ 62. Ke5 Qxb3 63. Kf5 Qxg3 0-1

[Event "Skovbo GM 2012"]
[Site "Borup Kulturhus"]
[Date "2012.09.20"]
[Round "5.29"]
[White "Larsen, Paul M"]
[Black "Christensen, Casper"]
[Result "1/2-1/2"]
[WhiteElo "1611"]
[BlackElo "1995"]
[PlyCount "73"]
[EventDate "2012.??.??"]
[WhiteTeam "Haslev Skakklub"]
[BlackTeam "BMS Skak"]

1. d4 Nf6 2. Nf3 g6 3. c4 Bg7 4. Nc3 O-O 5. e3 d6 6. Be2 Re8 7. O-O Nbd7 8. Qc2
e5 9. dxe5 Nxe5 10. Rd1 Bf5 11. Qb3 Qc8 12. Nd4 Bd7 13. f3 Nc6 14. Nxc6 Bxc6
15. e4 Nd7 16. Qc2 Ne5 17. Rb1 a5 18. Be3 Qe6 19. Nb5 Bxb5 20. cxb5 c6 21. a4
d5 22. Bf2 f5 23. exd5 cxd5 24. Re1 Qd7 25. Rbd1 Bf8 26. f4 Nf7 27. Bf3 Rxe1+
28. Bxe1 Rc8 29. Qd3 Bc5+ 30. Kh1 d4 31. Bxa5 Re8 32. b4 Ba7 33. b6 Bb8 34. h3
Bxf4 35. b5 Be3 36. Bb4 Kg7 37. Qc4 1/2-1/2

[Event "Skovbo GM 2012"]
[Site "Borup Kulturhus"]
[Date "2012.09.20"]
[Round "5.33"]
[White "Larsson, Jørgen"]
[Black "Stuhr, Finn"]
[Result "0-1"]
[WhiteElo "1159"]
[BlackElo "1657"]
[PlyCount "52"]
[EventDate "2012.??.??"]
[WhiteTeam "Skovbo Skakklub"]
[BlackTeam "Køge Skakklub"]

1. d4 g6 2. e4 b6 3. Nc3 Bg7 4. Nf3 Bb7 5. h3 e6 6. b3 d6 7. a4 Nf6 8. Bg5 O-O
9. e5 dxe5 10. Bxf6 Bxf6 11. Nxe5 Nc6 12. Nxc6 Bxc6 13. Ne2 Bh4 14. Qd3 Qf6 15.
Ng3 Qf4 16. Rg1 Rad8 17. c3 e5 18. Rd1 e4 19. Qd2 e3 20. Qxe3 Rfe8 21. Ne2 Rxe3
22. g3 Bxg3 23. fxg3 Qf3 24. Rd2 Rde8 25. g4 Rxc3 26. Rg3 Rc1+ 0-1

[Event "Skovbo GM 2012"]
[Site "Borup Kulturhus"]
[Date "2012.09.20"]
[Round "5.34"]
[White "Kakulidis, Ellen"]
[Black "Fredericia, Ellen"]
[Result "1-0"]
[WhiteElo "1366"]
[BlackElo "1196"]
[PlyCount "37"]
[EventDate "2012.??.??"]
[WhiteTeam "Aalborg Skakforening af 1889"]
[BlackTeam "Skakklubben K41"]

1. d4 d5 2. c4 e6 3. Nc3 Nf6 4. Bf4 Be7 5. e3 O-O 6. Nf3 Nbd7 7. Qc2 Re8 8. Bd3
dxc4 9. Bxc4 b6 10. Bd3 Bb7 11. e4 h6 12. O-O c5 13. Nb5 cxd4 14. Nbxd4 Rc8 15.
Qe2 Nc5 16. Bb5 Bd6 17. Bxd6 Qxd6 18. e5 Bxf3 19. Nxf3 1-0